The acquisition and retention of knowledge : a cognitive view /

This is a college-level textbook that provides a comprehensive and credible theory of how humans can learn and retain substantial and growing bodies of potentially meaningful, organized subject-matter knowledge on an extended, long-term basis. It identifies explicitly the cognitive conditions under...

Full description

Bibliographic Details
Main Author: Ausubel, David Paul
Corporate Author: SpringerLink (Online service)
Format: eBook
Language:English
Published: Dordrecht : Kluwer Academic Publishers, 2000.
Subjects:
Online Access:Connect to the full text of this electronic book

MARC

Tag First Indicator Second Indicator Subfields
LEADER 00000cam a2200000Ii 4500
001 in00003568356
006 m o d
007 cr mnu---uuaaa
008 121205s2000 ne ob 000 0 eng
005 20260420200309.6
040 |a AU@  |b eng  |e rda  |c AU@  |d GW5XE  |d OKU 
020 |a 9789401594547 (electronic bk.) 
020 |a 9401594546 (electronic bk.) 
020 |z 9789048155361 
020 |z 9048155363 
020 |z 9401594546 
035 |a (OCoLC)851378003 
050 1 0 |a LB1051  |b .A7468 2000 
072 7 |a JM  |2 bicssc 
072 7 |a PSY000000  |2 bisacsh 
082 0 4 |a 153.1/5  |2 21 
049 |a TXAM 
100 1 |a Ausubel, David Paul. 
245 1 4 |a The acquisition and retention of knowledge :  |b a cognitive view /  |c by David P. Ausubel. 
264 1 |a Dordrecht :  |b Kluwer Academic Publishers,  |c 2000. 
300 |a 1 online resource (xvi, 212 pages) 
336 |a text  |b txt  |2 rdacontent 
337 |a computer  |b c  |2 rdamedia 
338 |a online resource  |b cr  |2 rdacarrier 
500 |a "Full scale revision of The Psychology of meaningful verbal learning"--Preface. 
504 |a Includes bibliographical references. 
505 0 |a Preview of assimilation theory of meaningful learning and retention -- Scope and objectives -- Preview of basic concepts of meaningful reception learning and retention -- The nature of meaning and meaningful learning -- Assimilation theory in meaningful learning and retention processes -- The effects of cognitive structure variables on the acquisition, retention, and transferability of knowledge -- Practice and motivational factors in meaningful learning and retention. 
520 |a This is a college-level textbook that provides a comprehensive and credible theory of how humans can learn and retain substantial and growing bodies of potentially meaningful, organized subject-matter knowledge on an extended, long-term basis. It identifies explicitly the cognitive conditions under which such learning and retention occurs, and indicates how they are influenced by relevant cognitive structure, frequency, mental `set' and motivational variables, and, most importantly, by the probable underlying functional cognitive processes involved. 
588 |a Description based on print version record. 
650 0 |a Learning, Psychology of. 
655 7 |a Electronic books.  |2 local 
700 1 |a Ausubel, David Paul.  |t Psychology of meaningful verbal learning. 
710 2 |a SpringerLink (Online service) 
776 1 8 |i Print version:  |a Ausubel, David Paul.  |t Acquisition and retention of knowledge.  |d Dordrect ; Boston : Kluwer Academic Publishers, 2000  |z 0792365054  |w (DLC) 00135007  |w (OCoLC)44775362 
776 1 8 |i Print version:  |z 9789048155361 
856 4 0 |u http://proxy.library.tamu.edu/login?url=https://link.springer.com/10.1007/978-94-015-9454-7  |z Connect to the full text of this electronic book  |t 0 
994 |a 92  |b TXA 
999 f f |s 5ad410f0-186b-3103-9342-35eea922a91a  |i 4a011ede-3f84-308a-b578-8f10a3af1269  |t 0 
952 f f |a Texas A&M University  |b College Station  |c Electronic Resources  |s www_evans  |d Available Online  |t 0  |e LB1051 .A7468 2000  |h Library of Congress classification 
998 f f |a LB1051 .A7468 2000  |t 0  |l Available Online